00333 a2200097 4500001001000000005001700010008004100027245009000068100002600158773005100184ART_4450420260410161709.0260409a 10aLa asignación vitalicia del Presidente de la Nación y el impuesto a las ganancias1 aSpisso, Rodolfo Roque0 tRevista Impuestosg- Nº 8 (ago. 2017)wREV639